000 00663nam a2200265Ia 4500
003 OSt
005 20220912151756.0
006 a|||||r|||| 00| 0
007 ta
008 220909b |||||||| |||| 00| 0 eng d
024 _a36874
037 _cTextual
040 _aCSL
_beng
_cCSL
041 _aeng
082 _aC5, M3
100 _aSteward E G
245 0 _aFourier optics: An introduction
260 _aNew York
_b Ellis Horwood
_c1983
300 _a185p.
_ccm.
490 _aEllis Horwood physics series
650 _a Radiation
650 _aPhysics
942 _hC5, M3
_cTEXL
_2CC
999 _c75095
_d75095